Victoria Kent : (Record no. 197049)

MARC details
000 -LEADER
campo de control de longitud fija 01331nam a2200385 i 4500
001 - NÚMERO DE CONTROL
campo de control 197049
003 - IDENTIFICADOR DE NÚMERO DE CONTROL
campo de control ES-MaACL
005 - FECHA Y HORA DE LA ÚLTIMA TRANSACCIÓN
campo de control 20250825062748.0
007 - CAMPO FIJO DE DESCRIPCIÓN FÍSICA--INFORMACIÓN GENERAL
campo de control de longitud fija ta
008 - DATOS DE LONGITUD FIJA--INFORMACIÓN GENERAL
campo de control de longitud fija 080519s2007 sp f |||| |bspa d
020 ## - NÚMERO INTERNACIONAL ESTÁNDAR DEL LIBRO
Número Internacional Estándar del Libro 9788499071008
040 ## - FUENTE DE CATALOGACIÓN
Centro catalogador/agencia de origen ES-MaACL
Centro/agencia transcriptor ES-MaACL
Lengua de catalogación spa
080 ## - NÚMERO DE LA CLASIFICACIÓN DECIMAL UNIVERSAL
Número de la Clasificación Decimal Universal 929 Kent, Victoria
080 ## - NÚMERO DE LA CLASIFICACIÓN DECIMAL UNIVERSAL
Número de la Clasificación Decimal Universal 32 Kent, Victoria
100 1# - ENTRADA PRINCIPAL--NOMBRE DE PERSONA
Nombre de persona Villena, Miguel Ángel
9 (RLIN) 137794
245 10 - MENCIÓN DEL TÍTULO
Título Victoria Kent :
Resto del título una pasión republicana /
Mención de responsabilidad, etc. Miguel Ángel Villena ; prólogo de Carmen Alborch.
250 ## - MENCION DE EDICION
Mención de edición 1ª ed.
260 ## - PUBLICACIÓN, DISTRIBUCIÓN, ETC.
Lugar de publicación, distribución, etc. Barcelona :
Nombre del editor, distribuidor, etc. Debate,
Fecha de publicación, distribución, etc. 2007.
300 ## - DESCRIPCIÓN FÍSICA
Extensión 281 p., [16 ] p. de lám. col. ;
Dimensiones 24 cm.
336 ## - TIPO DE CONTENIDO
Fuente rdacontent
Término de tipo de contenido Texto
337 ## - TIPO DE MEDIO
Fuente rdamedia
Nombre/término del tipo de medio sin mediación
338 ## - TIPO DE SOPORTE
Fuente rdacarrier
Nombre/término del tipo de soporte volumen
490 1# - MENCIÓN DE SERIE
Mención de serie Debate historias
500 ## - NOTA GENERAL
Nota general Cronología: p.247-259.
504 ## - NOTA DE BIBLIOGRAFÍA, ETC.
Nota de bibliografía, etc. Bibliografía.
600 14 - PUNTO DE ACCESO ADICIONAL DE MATERIA--NOMBRE DE PERSONA
Nombre de persona Kent, Victoria,
Fechas asociadas al nombre 1891-1987
9 (RLIN) 67865
655 #0 - TERMINO DE INDIZACIÓN--GENERO/FORMA
Datos o término principal de género/forma Biografías
9 (RLIN) 176647
700 1# - ENTRADA AGREGADA--NOMBRE PERSONAL
Nombre de persona Alborch, Carmen,
Fechas asociadas al nombre 1947-2018
9 (RLIN) 145969
830 1# - PUNTO DE ACCESO ADICIONAL DE SERIE-TÍTULO UNIFORME
Título uniforme Debate historias
9 (RLIN) 185384
852 ## - LOCALIZACIÓN
Ubicación ES-MaACL
Número de control de estantería N-9030
Ubicación en estantería Depósito J
itemnumber 204895
Anotaciones manuscritas Dedicatoria autógrafo del autor
Donativo/Legado Donación: Manuel Villena
903 ## - NOMBRE PERSONAL DE DONANTE
9 137794
a Villena, Miguel Ángel
e Donante
942 ## - ELEMENTOS DE ENTRADA SECUNDARIOS (KOHA)
Tipo de ítem Koha Libro impreso
Suprimir en OPAC No
Holdings
Estatus retirado Estado de pérdida Fuente del sistema de clasificación o colocación Estado de daño No para préstamo Colección Biblioteca de origen Biblioteca actual Ubicación en estantería Fecha de adquisición Fuente de adquisición Total de préstamos Signatura topográfica completa Código de barras Visto por última vez Precio de reemplazo Tipo de ítem Koha Nota pública
    Clasificación decimal universal     Libros con dedicatorias Biblioteca del Ateneo de Madrid Biblioteca del Ateneo de Madrid Depósito J 25/03/2025 Donación   N-9030 101229743 25/03/2025 25/03/2025 Libro impreso Dedicatoria autógrafa del autor